L'OCDE et l'élaboration de la politique économique (1967-1991).
Koncom 60. a začiatkom 70. rokov nastal krach systému medzinárodných menových dohôd z Bretton Woods. V 70. rokoch stúpla inflácia. Reakcie na prvý ropný šok. V druhej polovici 70. rokov nastala stagnácia a neschopnosť riadiť vývoj. V 80. rokoch sa dospelo k zhode ako riešiť ekonomické problémy sveta...
Saved in:
| Format: | Book Chapter |
|---|---|
| Language: | French |
| Subjects: | |
| Tags: |
No Tags, Be the first to tag this record!
|
MARC
| LEADER | 00000naa a2200000 4500 | ||
|---|---|---|---|
| 001 | r009177 | ||
| 005 | 20220913125129.1 | ||
| 041 | 0 | |a fre | |
| 044 | |a FR | ||
| 245 | 1 | 0 | |a L'OCDE et l'élaboration de la politique économique (1967-1991). |
| 520 | |a Koncom 60. a začiatkom 70. rokov nastal krach systému medzinárodných menových dohôd z Bretton Woods. V 70. rokoch stúpla inflácia. Reakcie na prvý ropný šok. V druhej polovici 70. rokov nastala stagnácia a neschopnosť riadiť vývoj. V 80. rokoch sa dospelo k zhode ako riešiť ekonomické problémy sveta. Medzinárodná hospodárska spolupráca v 80. rokoch. (Perspectives économique de l'OCDE 1991, č.50). | ||
| 610 | 2 | 0 | |a politika hospodárska |
| 610 | 2 | 0 | |a OECD |
| 610 | 2 | 0 | |a 1967-1991 |
| 610 | 2 | 0 | |a spolupráca hospodárska medzinárodná |
| 610 | 2 | 0 | |a porovnanie štatistické medzinárodné |